| 000 | 00963nam a2200253Ia 4500 | ||
|---|---|---|---|
| 001 | 20477 | ||
| 003 | GE_BSU | ||
| 008 | 181216s||||||||xx |||||||||||||| ||und|| | ||
| 040 | _cGE_BSU | ||
| 080 | _a811.353.1-88(075.3) | ||
| 245 | _aკლასგარეშე საკითხავი ლიტერატურა | ||
| 245 | _bI კლასისათვის | ||
| 245 | _cშეადგინა ვალერიან რამიშვილმა. რედ. ნ. სუხიტაშვილი | ||
| 250 | _aმეშვიდე გამოც. | ||
| 260 | _aთბილისი | ||
| 260 | _bგანათლება | ||
| 260 | _c1987 | ||
| 300 | _a55 გვ. 22სმ. ილ. | ||
| 541 | _h10 თ. | ||
| 653 | _aI კლასისათვის | ||
| 653 | _aკლასგარეშე საკითხავი ლიტერატურა | ||
| 653 | _aქართული ენა | ||
| 942 | _cBK | ||
| 999 |
_c53434 _d53434 |
||